Fast Typing QWERTYUIOP - Statistics

General Stats
  • This quiz has been taken 925 times
  • The average score is 20 of 26
Answer Stats
Answer % Correct
Q
100%
W
95%
E
94%
R
92%
T
91%
Y
90%
U
89%
I
87%
O
86%
P
81%
A
74%
S
72%
D
71%
F
71%
G
70%
H
70%
J
69%
K
69%
L
68%
X
67%
Z
67%
C
66%
V
66%
B
65%
N
65%
M
64%
No matching quizzes found
Score Distribution
Percent of People with Each Score
Percentile by Number Answered
Your Score History
You have not taken this quiz